Southville International School and Colleges
Your cart is empty.
  • Cart
  • Lists
    Public lists Eva Luna New books Lux_list list_1
    Your lists Log in to create your own lists
  • Log in to your account
  • Your cookies
  • Search history
Southville International School and Colleges
  • Advanced search
  • Recent comments
  • Most popular
  • Libraries

Log in to your account

Log in with GOOGLE


If you do not have an external account, but do have a local account, you can still log in:

  1. Home
  2. MARC view: Business writing with AI for dummies
Normal view MARC view ISBD view

Business writing with AI for dummies (Record no. 367484)

[ view plain ]
MARC details
000 -LEADER
fixed length control field 00616nam a22001937a 4500
003 - CONTROL NUMBER IDENTIFIER
control field 0
005 - DATE AND TIME OF LATEST TRANSACTION
control field 20250729115550.0
008 - FIXED-LENGTH DATA ELEMENTS--GENERAL INFORMATION
fixed length control field 250729b xxu||||| |||| 00| 0 eng d
020 ## - INTERNATIONAL STANDARD BOOK NUMBER
International Standard Book Number 9781394261734
050 ## - LIBRARY OF CONGRESS CALL NUMBER
Classification number HF 5718.3
Item number .L56 2024
100 ## - MAIN ENTRY--PERSONAL NAME
Personal name Lindsell-Roberts, Sheryl
Relator term author
245 ## - TITLE STATEMENT
Title Business writing with AI for dummies
Statement of responsibility, etc Sheryl Lindsell-Roberts
260 ## - PUBLICATION, DISTRIBUTION, ETC. (IMPRINT)
Place of publication, distribution, etc Hoboken, New Jersey
Name of publisher, distributor, etc John Wiley & Sons, Inc.
Date of publication, distribution, etc 2024
300 ## - PHYSICAL DESCRIPTION
Extent xiv, 368 pages ;
Dimensions 24cm.
504 ## - BIBLIOGRAPHY, ETC. NOTE
Bibliography, etc Includes index.
650 ## - SUBJECT ADDED ENTRY--TOPICAL TERM
Topical term or geographic name as entry element Artificial intelligence.
650 ## - SUBJECT ADDED ENTRY--TOPICAL TERM
Topical term or geographic name as entry element Business writing--Artificial intelligence.
942 ## - ADDED ENTRY ELEMENTS (KOHA)
Source of classification or shelving scheme Library of Congress Classification
Koha item type Books
Holdings
Withdrawn status Lost status Source of classification or shelving scheme Damaged status Home library Current library Shelving location Date acquired Source of acquisition Sub Shelving location Total Checkouts Total Renewals Full call number Barcode Date last seen Date checked out Price effective from Koha item type
    Library of Congress Classification   College Library College Library Reserve Section 07/29/2025 Library Fund   2 1 HF 5718.3 .L56 2024 C24601 12/15/2025 11/26/2025 07/29/2025 Books
    Library of Congress Classification   College Library College Library Reserve Section 06/04/2025 Library Fund       HF 5718.3 .L56 2024 C25187 09/23/2025   09/23/2025 Books

Business writing with AI for dummies

APA

Lindsell-Roberts S., . (2024). Business writing with AI for dummies. Hoboken, New Jersey: John Wiley & Sons, Inc.

Chicago

Lindsell-Roberts Sheryl, . 2024. Business writing with AI for dummies. Hoboken, New Jersey: John Wiley & Sons, Inc.

Harvard

Lindsell-Roberts S., . (2024). Business writing with AI for dummies. Hoboken, New Jersey: John Wiley & Sons, Inc.

MLA

Lindsell-Roberts Sheryl, . Business writing with AI for dummies. Hoboken, New Jersey: John Wiley & Sons, Inc. 2024.

  • Place hold
  • Print
  • Cite
  • Add to your cart (remove)
  • Save record
    BIBTEX Dublin Core MARCXML MARC (non-Unicode/MARC-8) MARC (Unicode/UTF-8) MARC (Unicode/UTF-8, Standard) MODS (XML) RIS
  • More searches
    Search for this title in:
    Other Libraries (WorldCat) Other Databases (Google Scholar) Online Stores (Bookfinder.com) Open Library (openlibrary.org)

Exporting to Dublin Core...

SOUTHVILLE LIBRARY

Southville International School and Colleges Library

1281 Tropical Ave. Cor. Luxembourg St., BF Homes International, Las Pinas City

Tel. No. 8256374 / 252358 Loc. 117/146

Powered by Koha